000125303 001__ 125303
000125303 005__ 20241125101151.0
000125303 0247_ $$2doi$$a10.1016/S2666-5247(22)00301-9
000125303 0248_ $$2sideral$$a132978
000125303 037__ $$aART-2023-132978
000125303 041__ $$aeng
000125303 100__ $$aHall, Michael B.
000125303 245__ $$aEvaluation of Nanopore sequencing for Mycobacterium tuberculosis drug susceptibility testing and outbreak investigation: a genomic analysis
000125303 260__ $$c2023
000125303 5060_ $$aAccess copy available to the general public$$fUnrestricted
000125303 5203_ $$aMycobacterium tuberculosis whole-genome sequencing (WGS) has been widely used for genotypic drug susceptibility testing (DST) and outbreak investigation. For both applications, Illumina technology is used by most public health laboratories; however, Nanopore technology developed by Oxford Nanopore Technologies has not been thoroughly evaluated. The aim of this study was to determine whether Nanopore sequencing data can provide equivalent information to Illumina for transmission clustering and genotypic DST for M tuberculosis.
000125303 540__ $$9info:eu-repo/semantics/openAccess$$aby$$uhttp://creativecommons.org/licenses/by/3.0/es/
000125303 590__ $$a20.9$$b2023
000125303 592__ $$a5.392$$b2023
000125303 591__ $$aMICROBIOLOGY$$b3 / 161 = 0.019$$c2023$$dQ1$$eT1
000125303 593__ $$aInfectious Diseases$$c2023$$dQ1
000125303 591__ $$aINFECTIOUS DISEASES$$b2 / 132 = 0.015$$c2023$$dQ1$$eT1
000125303 593__ $$aVirology$$c2023$$dQ1
000125303 593__ $$aMicrobiology (medical)$$c2023$$dQ1
000125303 593__ $$aMicrobiology$$c2023$$dQ1
000125303 594__ $$a27.2$$b2023
000125303 655_4 $$ainfo:eu-repo/semantics/article$$vinfo:eu-repo/semantics/publishedVersion
000125303 700__ $$aRabodoarivelo, Marie Sylvianne$$uUniversidad de Zaragoza
000125303 700__ $$aKoch, Anastasia
000125303 700__ $$aDippenaar, Anzaan
000125303 700__ $$aGeorge, Sophie
000125303 700__ $$aGrobbelaar, Melanie
000125303 700__ $$aWarren, Robin
000125303 700__ $$aWalker, Timothy M.
000125303 700__ $$aCox, Helen
000125303 700__ $$aGagneux, Sebastien
000125303 700__ $$aCrook, Derrick
000125303 700__ $$aPeto, Tim
000125303 700__ $$aRakotosamimanana, Niaina
000125303 700__ $$aGrandjean Lapierre, Simon
000125303 700__ $$aIqbal, Zamin
000125303 7102_ $$11011$$2630$$aUniversidad de Zaragoza$$bDpto. Microb.Ped.Radio.Sal.Pú.$$cÁrea Microbiología
000125303 773__ $$g4, 2 (2023), e84-e92$$tThe Lancet Microbe$$x2666-5247
000125303 8564_ $$s906390$$uhttps://zaguan.unizar.es/record/125303/files/texto_completo.pdf$$yVersión publicada
000125303 8564_ $$s3333326$$uhttps://zaguan.unizar.es/record/125303/files/texto_completo.jpg?subformat=icon$$xicon$$yVersión publicada
000125303 909CO $$ooai:zaguan.unizar.es:125303$$particulos$$pdriver
000125303 951__ $$a2024-11-22-12:06:56
000125303 980__ $$aARTICLE